Pays traversés par le 45-ème parallèle nord. - Statistiques

Statistiques générales
  • Ce quiz a été pris 62 fois
  • Le résultat moyen est 11 sur 14
Statistiques - réponses
Pays % Correct
France
96%
Russie
96%
Etats Unis
91%
Italie
89%
Chine
83%
Japon
78%
Kazakhstan
76%
Roumanie
74%
Canada
72%
Croatie
67%
Serbie
65%
Mongolie
63%
Bosnie-Herzégovine
54%
Ouzbékistan
52%
Aucun quiz correspondant
Distribution des résultats
% des personnes avec chaque résultat
Percentile par nombre de réponses
Votre historique - résultats
Vous n’avez pas pris ce quiz